Trends in Domestic and Foreign Securities Held by Slovak Banks for Third Parties

S výnimkou obchodovania, ktoré sa vykonáva prostredníctvom oficiálnych búrz, dochádza aj k mnohým obchodom na trhu OTC (Over-The-Counter). To je dôvod, prečo neboli analyzované obchody na burze, ale išlo o sústredenie sa predovšetkým na údaje o objemoch investícií držaných investormi na bankových úč...

Ausführliche Beschreibung

Gespeichert in:
Bibliographische Detailangaben
1. Verfasser: Badura, Peter, 1978-
Weitere Verfasser: Kmeťko, Miroslav, 1969-
Format: Buchkapitel
Sprache:Englisch
Schlagworte:
Tags: Tag hinzufügen
Keine Tags, Fügen Sie das erste Tag hinzu!

MARC

LEADER 00000nla a2200000 4500
001 0243092
005 20240502073938.9
041 0 |a eng 
044 |a SK 
245 1 0 |a Trends in Domestic and Foreign Securities Held by Slovak Banks for Third Parties 
520 |a S výnimkou obchodovania, ktoré sa vykonáva prostredníctvom oficiálnych búrz, dochádza aj k mnohým obchodom na trhu OTC (Over-The-Counter). To je dôvod, prečo neboli analyzované obchody na burze, ale išlo o sústredenie sa predovšetkým na údaje o objemoch investícií držaných investormi na bankových účtoch. 
610 2 0 |a burzy 
610 2 0 |a burzy cenných papierov 
610 2 0 |a investori 
610 2 0 |a investovanie 
610 2 0 |a obchody burzové 
610 2 0 |a obchody mimoburzové 
610 2 0 |a banky 
610 2 0 |a účty bankové 
100 1 |a Badura, Peter, 1978- 
700 1 |a Kmeťko, Miroslav, 1969-